[Event "Germain Laplante op"]
[Site "Chambly CAN"]
[Date "2025.05.17"]
[Round "2.5"]
[White "Duong, Thanh Nha"]
[Black "Bain-Thouverez, Aurelien"]
[Result "1-0"]
[WhiteElo "2330"]
[BlackElo "1757"]
[WhiteFideId "-1"]
[WhiteFideId "-1"]
[PlyCount "123"]
[GameId "2179602796175599"]
[EventDate "2025.05.16"]
[EventType "swiss"]
[EventRounds "5"]
[EventCountry "CAN"]

1. Nf3 d5 2. b3 Nf6 3. Bb2 e6 4. d4 Be7 5. e3 O-O 6. Bd3 a5 7. a3 b6 8. Nbd2 a4 9. b4 c5 10. dxc5 bxc5 11. bxc5 Nbd7 12. c6 Nc5 13. Ne5 Ba6 14. O-O Bd6 15. Ndf3 Nfe4 16. Qe2 Nxd3 17. cxd3 Nc5 18. Bd4 f6 19. Bxc5 fxe5 20. Rfc1 e4 21. Ne1 Bxc5 22. Rxc5 Qf6 23. Ra2 exd3 24. Qb2 Qe7 25. Rc3 Rfb8 26. Qc1 Rb3 27. Nf3 e5 28. Nd2 Rb6 29. Rb2 Rxb2 30. Qxb2 d4 31. Rc1 dxe3 32. fxe3 Qg5 33. Qb6 Bc8 34. Ne4 Qe7 35. Rc3 d2 36. Nxd2 Qd6 37. Nf1 Ba6 38. Qc5 Qxc5 39. Rxc5 Bd3 40. Rxe5 Rc8 41. Rc5 Kf7 42. Nd2 Ke7 43. Rd5 Bg6 44. Rd7+ Kf6 45. c7 Bf5 46. Rd6+ Ke7 47. Rc6 Kd7 48. Rc4 Rxc7 49. Rxa4 Rc2 50. Rd4+ Ke7 51. a4 Bc8 52. Kf2 Ba6 53. Kg3 Rc3 54. Kf4 g5+ 55. Kxg5 Rxe3 56. Re4+ Rxe4 57. Nxe4 Bf1 58. g4 Kf7 59. a5 Kg7 60. Nc5 Bg2 61. a6 Bh1 62. a7 1-0

[Event "Germain Laplante op"]
[Site "Chambly CAN"]
[Date "2025.05.17"]
[Round "2.6"]
[White "Wu, Yuchen"]
[Black "Masse, Hugues"]
[Result "0-1"]
[WhiteElo "1437"]
[BlackElo "2211"]
[WhiteFideId "-1"]
[WhiteFideId "-1"]
[PlyCount "74"]
[GameId "2179627646734592"]
[EventDate "2025.05.16"]
[EventType "swiss"]
[EventRounds "5"]
[EventCountry "CAN"]

1. d4 Nf6 2. Bf4 g6 3. Nc3 d5 4. f3 Bg7 5. e4 dxe4 6. fxe4 O-O 7. Qd2 a6 8. O-O-O b5 9. Bh6 b4 10. Bxg7 bxc3 11. Qxc3 Kxg7 12. Bd3 c6 13. h3 Qb6 14. Nf3 a5 15. a3 Ba6 16. g4 Bxd3 17. Qxd3 Nbd7 18. e5 Nd5 19. h4 Rab8 20. b3 h6 21. h5 Nf4 22. Qe4 g5 23. Nxg5 hxg5 24. Qf5 Ne6 25. h6+ Kh8 26. h7 Nxd4 27. Qxd7 Nxb3+ 28. cxb3 Qxb3 29. Qd4 Qxa3+ 30. Kc2 Qa2+ 31. Kd3 Rb3+ 32. Ke4 Qc2+ 33. Rd3 Rb4 34. Ke3 Rxd4 35. Rxd4 Qc3+ 36. Ke4 a4 37. Rdd1 Qg3 0-1

[Event "Germain Laplante op"]
[Site "Chambly CAN"]
[Date "2025.05.17"]
[Round "2.7"]
[White "Singher, Jean-Pierre"]
[Black "Chiku-Ratte, Olivier-Kenta"]
[Result "0-1"]
[WhiteElo "2021"]
[BlackElo "2403"]
[WhiteFideId "-1"]
[WhiteFideId "-1"]
[PlyCount "68"]
[GameId "2179638752235984"]
[EventDate "2025.05.16"]
[EventType "swiss"]
[EventRounds "5"]
[EventCountry "CAN"]

1. Nf3 d6 2. g3 e5 3. d3 f5 4. Bg2 Nf6 5. c4 Be7 6. Nc3 O-O 7. O-O Qe8 8. Rb1 a5 9. a3 a4 10. b4 axb3 11. c5 c6 12. Qxb3+ d5 13. e4 fxe4 14. dxe4 Bxc5 15. exd5 Kh8 16. Qc4 b6 17. dxc6 Ba6 18. Nb5 Nxc6 19. a4 e4 20. Ng5 Nd4 21. Be3 Bxb5 22. axb5 Rd8 23. Rfd1 Nf3+ 24. Bxf3 Bxe3 25. Rxd8 Bxf2+ 26. Kxf2 Qxd8 27. Nxe4 Ng4+ 28. Ke2 Rxf3 29. Rb3 Rf8 30. h3 Ne5 31. Qb4 Qc8 32. Rc3 Qf5 33. Qd4 Qf1+ 34. Kd2 Qg2+ 0-1

[Event "Germain Laplante op"]
[Site "Chambly CAN"]
[Date "2025.05.17"]
[Round "2.8"]
[White "Kraiouchkine, Nikita"]
[Black "Barrera, Eduardo"]
[Result "1/2-1/2"]
[WhiteElo "2262"]
[BlackElo "1970"]
[WhiteFideId "-1"]
[WhiteFideId "-1"]
[PlyCount "80"]
[GameId "2179641202160088"]
[EventDate "2025.05.16"]
[EventType "swiss"]
[EventRounds "5"]
[EventCountry "CAN"]

1. e4 c5 2. Nf3 d6 3. d4 cxd4 4. Nxd4 Nf6 5. Nc3 a6 6. Bc4 e6 7. Be3 Be7 8. f3 h5 9. Qd2 Nc6 10. O-O-O Qc7 11. Be2 Ne5 12. Qe1 Bd7 13. Bg5 b5 14. Qg3 b4 15. Nb1 Qa5 16. Bd2 Qxa2 17. Bxb4 Qa4 18. Bc3 O-O 19. b3 Qa2 20. Bb4 Qa1 21. Qe1 a5 22. Bc3 Qa2 23. Bb2 Rfc8 24. c4 Nxe4 25. fxe4 Bg5+ 26. Rd2 Nxc4 27. Bxc4 Rxc4+ 28. bxc4 Rb8 29. Nb5 Bxb5 30. Nc3 Qxc4 31. Kb1 Bxd2 32. Qxd2 Bc6 33. Re1 Qc5 34. Re3 a4 35. Ka1 a3 36. Bc1 Rb3 37. Qc2 Ba4 38. Qd2 Bc6 39. Qc2 Ba4 40. Qd2 Bc6 1/2-1/2

[Event "Germain Laplante op"]
[Site "Chambly CAN"]
[Date "2025.05.17"]
[Round "2.9"]
[White "Turcotte, Jonathan"]
[Black "Genzling, Jerome"]
[Result "0-1"]
[WhiteElo "1955"]
[BlackElo "2140"]
[WhiteFideId "-1"]
[WhiteFideId "-1"]
[PlyCount "108"]
[GameId "2179646702105056"]
[EventDate "2025.05.16"]
[EventType "swiss"]
[EventRounds "5"]
[EventCountry "CAN"]

1. d4 d5 2. c4 e6 3. Nf3 a6 4. Bg5 Be7 5. Bxe7 Qxe7 6. Nbd2 Nf6 7. g3 b6 8. Bg2 Bb7 9. cxd5 exd5 10. O-O Nbd7 11. Qb3 O-O 12. Rac1 Rac8 13. e3 Qd6 14. Rfd1 Rb8 15. Bh3 c5 16. Qa3 Rfd8 17. Nb3 Rbc8 18. dxc5 bxc5 19. Nfd4 Qf8 20. Ne2 Rc7 21. Bg2 c4 22. Qxf8+ Kxf8 23. Nbd4 Ne5 24. Nf4 g5 25. Nfe2 h6 26. h3 Rdc8 27. Nf5 Nd3 28. Rc2 h5 29. a3 Bc6 30. Nc3 Rb8 31. Rdd2 Ne1 32. Rc1 Nxg2 33. Nd4 Nxe3 34. fxe3 Bd7 35. Rf1 Ne4 36. Nxe4 dxe4 37. h4 gxh4 38. gxh4 c3 39. bxc3 Rxc3 40. Ne2 Rc7 41. Rf6 Rb3 42. Rxa6 Rxe3 43. Nf4 Rc1+ 44. Kh2 Bg4 45. Ra8+ Kg7 46. Rg2 Kh7 47. Ra7 Ree1 48. Rxf7+ Kg8 49. Nxh5 Kxf7 50. Rxg4 Rh1+ 51. Kg3 Rhg1+ 52. Kh3 Rxg4 53. Kxg4 Rf1 54. Ng3 e3 0-1

[Event "Germain Laplante op"]
[Site "Chambly CAN"]
[Date "2025.05.17"]
[Round "2.10"]
[White "Lamontagne, Damien"]
[Black "Duval, Mathieu"]
[Result "0-1"]
[WhiteElo "1887"]
[BlackElo "1977"]
[WhiteFideId "-1"]
[WhiteFideId "-1"]
[PlyCount "126"]
[GameId "2179667130692075"]
[EventDate "2025.05.16"]
[EventType "swiss"]
[EventRounds "5"]
[EventCountry "CAN"]

1. e4 g6 2. d4 Bg7 3. Nc3 d6 4. Be3 a6 5. f3 b5 6. Qd2 Nd7 7. O-O-O Bb7 8. Kb1 Rc8 9. h4 h5 10. Nh3 c5 11. Ng5 c4 12. Ne2 d5 13. e5 e6 14. c3 Nh6 15. Bf2 Qe7 16. Re1 a5 17. Nf4 b4 18. Be2 Nb6 19. g4 hxg4 20. fxg4 Na4 21. Bd1 Bc6 22. Bxa4 Bxa4 23. Rhg1 bxc3 24. Qxc3 Qb4 25. Ne2 Rb8 26. Be3 Rb7 27. Qd2 O-O 28. Nc3 Rfb8 29. Ka1 Bd7 30. Re2 a4 31. a3 Qa5 32. Nd1 Qxd2 33. Rxd2 Rb3 34. Nc3 Bf8 35. Nd1 c3 36. Nxc3 Bxa3 37. Nd1 Bb4 38. Rc2 a3 39. bxa3 Bxa3 40. Bd2 Rb1+ 41. Ka2 Ba4 42. Rc8+ Rxc8 43. Kxb1 Bxd1 44. Rxd1 Nxg4 45. Rf1 Rc7 46. Rf4 Nh6 47. Rf3 Bf8 48. Rc3 Rxc3 49. Bxc3 Nf5 50. Nf3 Be7 51. Be1 Kg7 52. Kc2 Kh6 53. Bd2+ Kh5 54. Bg5 Bxg5 55. Nxg5 Nh6 56. Kd3 Kxh4 57. Nf3+ Kg3 58. Ke2 Kf4 59. Nd2 g5 60. Kf2 Nf5 61. Nf3 g4 62. Ne1 g3+ 63. Kg2 Ne3+ 0-1

[Event "Germain Laplante op"]
[Site "Chambly CAN"]
[Date "2025.05.17"]
[Round "2.11"]
[White "Parenteau, Francois"]
[Black "Beaupre, Eugene jr"]
[Result "0-1"]
[WhiteElo "1769"]
[BlackElo "1984"]
[WhiteFideId "-1"]
[WhiteFideId "-1"]
[PlyCount "62"]
[GameId "2179707651203574"]
[EventDate "2025.05.16"]
[EventType "swiss"]
[EventRounds "5"]
[EventCountry "CAN"]

1. d4 d5 2. Nf3 Nf6 3. c4 e6 4. Nc3 a6 5. cxd5 exd5 6. Bg5 Be6 7. e3 Nbd7 8. Bd3 h6 9. Bh4 Be7 10. O-O O-O 11. Qe2 Re8 12. Rac1 c6 13. h3 Nb6 14. Ne5 Nc8 15. f4 Nd6 16. g4 Nfe4 17. Bxe7 Qxe7 18. Bxe4 dxe4 19. f5 Bd5 20. Nxd5 cxd5 21. Rc5 Rac8 22. Rfc1 Qg5 23. Qf2 Rxc5 24. Rxc5 Rc8 25. Kh2 Rxc5 26. dxc5 Nb5 27. Kg3 Qe7 28. Qf4 Qxc5 29. f6 g5 30. Qf2 d4 31. Qf5 Nd6 0-1

[Event "Germain Laplante op"]
[Site "Chambly CAN"]
[Date "2025.05.17"]
[Round "2.13"]
[White "Hebrard, Emmanuel"]
[Black "Filion, Samuel"]
[Result "0-1"]
[WhiteElo "1994"]
[BlackElo "1718"]
[WhiteFideId "-1"]
[WhiteFideId "-1"]
[PlyCount "94"]
[GameId "2179710841483958"]
[EventDate "2025.05.16"]
[EventType "swiss"]
[EventRounds "5"]
[EventCountry "CAN"]

1. f4 e6 2. Nf3 Nf6 3. b3 d5 4. Bb2 Be7 5. e3 c5 6. Bd3 Nc6 7. a3 b6 8. O-O O-O 9. Ne5 Bb7 10. Rf3 d4 11. Rh3 h6 12. Nf3 Qd6 13. Qe2 Rad8 14. a4 Nb4 15. Ne5 Nxd3 16. Nxd3 Ba6 17. exd4 Bxd3 18. Rxd3 Qxf4 19. Rf3 Qe4 20. Qd1 cxd4 21. d3 Qh4 22. Rh3 Qg4 23. Nd2 Qxd1+ 24. Rxd1 Ng4 25. Nc4 Bg5 26. Bc1 Bxc1 27. Rxc1 Rd5 28. Re1 Rc8 29. Re2 Nf6 30. Rh4 Nd7 31. Rhe4 a6 32. b4 b5 33. axb5 axb5 34. Na5 e5 35. Rf2 f6 36. Re1 Nb6 37. Nb3 Na4 38. g4 Rd7 39. h4 Rdc7 40. Ree2 Nc3 41. Re1 Nd5 42. g5 hxg5 43. hxg5 Rxc2 44. gxf6 Rxf2 45. Kxf2 gxf6 46. Kf3 Nxb4 47. Ke4 Nxd3 0-1

[Event "Germain Laplante op"]
[Site "Chambly CAN"]
[Date "2025.05.17"]
[Round "2.14"]
[White "Mercure, Gilbert"]
[Black "Di Matteo, Alessio"]
[Result "0-1"]
[WhiteElo "1793"]
[BlackElo "1880"]
[WhiteFideId "-1"]
[WhiteFideId "-1"]
[PlyCount "72"]
[GameId "2179708767490558"]
[EventDate "2025.05.16"]
[EventType "swiss"]
[EventRounds "5"]
[EventCountry "CAN"]

1. e4 e6 2. d4 d5 3. e5 c5 4. c3 Nc6 5. Nf3 Qb6 6. Bd3 cxd4 7. cxd4 Bd7 8. O-O Nxd4 9. Nbd2 Rc8 10. Nxd4 Qxd4 11. Nf3 Qb6 12. b4 a6 13. Be3 Qd8 14. a3 Ne7 15. a4 Nc6 16. b5 Nb4 17. bxa6 bxa6 18. a5 Nxd3 19. Bb6 Qe7 20. Qxd3 Bb5 21. Qd1 Bxf1 22. Qxf1 Qb7 23. Rb1 Rb8 24. Rc1 Rc8 25. Rb1 Qa8 26. Rc1 Be7 27. Nd4 O-O 28. g3 Rxc1 29. Qxc1 Rc8 30. Qf4 Rc4 31. Qf3 Qc8 32. Qd3 Rc1+ 33. Kg2 Qc4 34. Qe2 Bb4 35. Kh3 Qxe2 36. Nxe2 Ra1 0-1

[Event "Germain Laplante op"]
[Site "Chambly CAN"]
[Date "2025.05.17"]
[Round "2.15"]
[White "Iordanescu, Victor Nicolae"]
[Black "Kerhuel-Lefebvre, Stephane"]
[Result "1-0"]
[WhiteElo "1876"]
[BlackElo "1665"]
[WhiteFideId "-1"]
[WhiteFideId "-1"]
[PlyCount "65"]
[GameId "2179720278115009"]
[EventDate "2025.05.16"]
[EventType "swiss"]
[EventRounds "5"]
[EventCountry "CAN"]

1. Nf3 d5 2. g3 Nf6 3. Bg2 g6 4. O-O Bg7 5. d4 O-O 6. c4 c6 7. Nc3 Nbd7 8. cxd5 cxd5 9. Ne5 e6 10. Bf4 Qb6 11. Qd2 Nh5 12. Na4 Qb5 13. Nc3 Qb6 14. Na4 Qb5 15. Nxd7 Bxd7 16. Nc5 Nxf4 17. gxf4 b6 18. a4 Qc6 19. Nxd7 Qxd7 20. e3 Rac8 21. a5 b5 22. a6 Rc6 23. Rfc1 Rfc8 24. Rxc6 Rxc6 25. Bf1 Qc7 26. Qb4 Rc1 27. Rxc1 Qxc1 28. Qxb5 Qd1 29. Qb8+ Bf8 30. h3 g5 31. fxg5 Qh5 32. Qxa7 Qxg5+ 33. Bg2 1-0

[Event "Germain Laplante op"]
[Site "Chambly CAN"]
[Date "2025.05.17"]
[Round "2.16"]
[White "Gauthier, Denis"]
[Black "Herilala, Manitra"]
[Result "1-0"]
[WhiteElo "1700"]
[BlackElo "1833"]
[WhiteFideId "-1"]
[WhiteFideId "-1"]
[PlyCount "50"]
[GameId "2179723495293810"]
[EventDate "2025.05.16"]
[EventType "swiss"]
[EventRounds "5"]
[EventCountry "CAN"]

1. d4 Nf6 2. c4 g6 3. Nc3 d6 4. e4 Bg7 5. Bd3 O-O 6. Nge2 e5 7. O-O h6 8. h3 a5 9. Be3 Nc6 10. Qd2 Kh7 11. d5 Ne7 12. c5 Ne8 13. f4 exf4 14. Nxf4 Ng8 15. Nb5 f5 16. Nd4 Bxd4 17. Bxd4 Ne7 18. Rae1 fxe4 19. Bxe4 dxc5 20. Bxc5 Nd6 21. Bc2 Rg8 22. Bxd6 Qxd6 23. Qc3 Rg7 24. Nh5 Nf5 25. Bxf5 Qb6+ 1-0

[Event "Germain Laplante op"]
[Site "Chambly CAN"]
[Date "2025.05.18"]
[Round "3"]
[White "Masse, Hugues"]
[Black "Latorre, Vincent"]
[Result "1/2-1/2"]
[WhiteElo "2211"]
[BlackElo "2368"]
[WhiteFideId "-1"]
[WhiteFideId "-1"]
[PlyCount "181"]
[GameId "2180113068324284"]
[EventDate "2025.05.16"]
[EventType "swiss"]
[EventRounds "5"]
[EventCountry "CAN"]

1. d4 Nf6 2. Bf4 e6 3. e3 b6 4. Qf3 Nc6 5. Nc3 Bb7 6. O-O-O a6 7. e4 d5 8. Bg5 dxe4 9. Nxe4 Be7 10. Nxf6+ gxf6 11. Be3 Na5 12. Qh5 Bd5 13. Kb1 Nc4 14. Bc1 Qd7 15. b3 Na3+ 16. Bxa3 Bxa3 17. Ne2 Qc6 18. Qh3 Be4 19. Qc3 O-O-O 20. f3 Qxc3 21. Nxc3 Bb7 22. Be2 f5 23. Ka1 Be7 24. Nb1 h5 25. c3 Rdg8 26. Rhg1 h4 27. Nd2 Bd6 28. Nf1 Rg7 29. g3 hxg3 30. hxg3 Rhg8 31. g4 fxg4 32. Rxg4 f5 33. Rxg7 Rxg7 34. Ne3 Bf4 35. Nc2 Rg2 36. Bd3 Bd2 37. Kb2 Bxf3 38. Bxa6+ Kb8 39. Rh1 Be4 40. Rh3 Bc1+ 41. Kxc1 Rxc2+ 42. Kd1 Rxa2 43. Bc4 f4 44. Rh4 Bc2+ 45. Kc1 Bf5 46. Rxf4 Rc2+ 47. Kd1 Rxc3 48. Kd2 Rh3 49. d5 exd5 50. Rxf5 dxc4 51. bxc4 Kb7 52. Kc2 Ka6 53. Kb2 Kb7 54. Rg5 Kc6 55. Rf5 Re3 56. Rh5 Kd6 57. Rd5+ Kc6 58. Rh5 Rf3 59. Rg5 Kd6 60. Rh5 c6 61. Rg5 Re3 62. Rh5 Re5 63. Rh6+ Kc5 64. Kc3 Re3+ 65. Kc2 Re4 66. Kb3 Re3+ 67. Kc2 Rg3 68. Rf6 Rh3 69. Rg6 Rf3 70. Rh6 Rf1 71. Kb3 Rf4 72. Rg6 Rf3+ 73. Kc2 Ra3 74. Rh6 Ra4 75. Kd3 Ra3+ 76. Kc2 b5 77. cxb5 Kxb5 78. Rh5+ c5 79. Rh4 Ra2+ 80. Kc3 Rg2 81. Rf4 Re2 82. Rh4 Re6 83. Rg4 Rh6 84. Rf4 Rh5 85. Rg4 c4 86. Rg8 Rh3+ 87. Kc2 c3 88. Rb8+ Kc5 89. Rc8+ Kd6 90. Rxc3 Rxc3+ 91. Kxc3 1/2-1/2

[Event "Germain Laplante op"]
[Site "Chambly CAN"]
[Date "2025.05.17"]
[Round "3.1"]
[White "Rodrigue-Lemieux, Shawn"]
[Black "Duong, Thanh Nha"]
[Result "1-0"]
[WhiteElo "2575"]
[BlackElo "2330"]
[WhiteFideId "-1"]
[WhiteFideId "-1"]
[PlyCount "93"]
[GameId "2180113068307897"]
[EventDate "2025.05.16"]
[EventType "swiss"]
[EventRounds "5"]
[EventCountry "CAN"]
[TimeControl "90+30"]

1. c4 {[%emt 0:00:00]} e5 {[%emt 0:00:00]} 2. g3 {[%emt 0:00:00]} Nf6 {[%emt 0:00:00]} 3. Bg2 {[%emt 0:00:00]} c6 {[%emt 0:00:00]} 4. d4 {[%emt 0:00:00]} d6 {[%emt 0:00:00]} 5. Nc3 {[%emt 0:00:00]} Be7 {[%emt 0:00:00]} 6. e3 {[%emt 0:00:00]} O-O {[%emt 0:00:00]} 7. Nge2 {[%emt 0:00:00]} Nbd7 {[%emt 0:00:00]} 8. O-O {[%emt 0:00:00]} Re8 {[%emt 0:00:00]} 9. b3 {[%emt 0:00:00]} Nf8 {[%emt 0:00:00]} 10. Bb2 {[%emt 0:00:00]} Ng6 {[%emt 0:00:00]} 11. Qc2 {[%emt 0:00:00]} Bf8 {[%emt 0:00:00]} 12. Rad1 {[%emt 0:00:00]} Qa5 {[%emt 0:00:00]} 13. d5 {[%emt 0:00:00]} c5 {[%emt 0:00:00]} 14. h3 {[%emt 0:00:00]} a6 {[%emt 0:00:00]} 15. a4 {[%emt 0:00:00]} Bd7 {[%emt 0:00:00]} 16. Ra1 {[%emt 0:00:00]} Reb8 {[%emt 0:00:00]} 17. Ra3 {[%emt 0:00:00]} Be7 {[%emt 0:00:00]} 18. Nc1 {[%emt 0:00:00]} Qd8 {[%emt 0:00:00]} 19. a5 {[%emt 0:00:00]} Qc8 {[%emt 0:00:00]} 20. Kh2 {[%emt 0:00:00]} Bd8 {[%emt 0:00:00]} 21. e4 {[%emt 0:00:00]} Bc7 {[%emt 0:00:00]} 22. Nd3 {[%emt 0:00:00]} Qd8 {[%emt 0:00:00]} 23. Rfa1 {[%emt 0:00:00]} h5 {[%emt 0:00:00]} 24. Qe2 {[%emt 0:00:00]} h4 {[%emt 0:00:00]} 25. Bc1 {[%emt 0:00:00]} Nh7 {[%emt 0:00:00]} 26. Bd2 {[%emt 0:00:00]} Qe7 {[%emt 0:00:00]} 27. Qh5 {[%emt 0:00:00]} Rf8 {[%emt 0:00:00]} 28. Nd1 {[%emt 0:00:00]} Qd8 {[%emt 0:00:00]} 29. Ne3 {[%emt 0:00:00]} Nf6 {[%emt 0:00:00]} 30. Qe2 {[%emt 0:00:00]} Qc8 {[%emt 0:00:00]} 31. b4 {[%emt 0:00:00]} b6 {[%emt 0:00:00]} 32. axb6 {[%emt 0:00:00]} Bxb6 {[%emt 0:00:00]} 33. bxc5 {[%emt 0:00:00]} Bxc5 {[%emt 0:00:00]} 34. Nxc5 {[%emt 0:00:00]} hxg3+ {[%emt 0:00:00]} 35. fxg3 {[%emt 0:00:00]} dxc5 {[%emt 0:00:00]} 36. Bc3 {[%emt 0:00:00]} Ne8 {[%emt 0:00:09]} 37. Qa2 {[%emt 0:00:00]} Nc7 {[%emt 0:02:49]} 38. Ra5 {[%emt 0:00:00]} f5 {[%emt 0:03:18]} 39. exf5 {[%emt 0:00:00]} Bxf5 {[%emt 0:00:14]} 40. Rxc5 {[%emt 0:00:00]} Qd7 {[%emt 0:00:34]} 41. Qa4 {[%emt 0:00:00]} Qe7 {[%emt 0:06:34]} 42. Qc6 {[%emt 0:00:00]} Bd7 {[%emt 0:00:00]} 43. d6 {[%emt 0:00:10]} Qg5 {[%emt 0:00:25]} 44. Qxd7 {[%emt 0:00:10]} Rad8 {[%emt 0:04:16]} 45. Qg4 {[%emt 0:01:30]} Qxe3 {[%emt 0:00:28]} 46. dxc7 {[%emt 0:00:12]} Rc8 {[%emt 0:00:46]} 47. Bd5+ {[%emt 0:00:15]} 1-0

[Event "Germain Laplante op"]
[Site "Chambly CAN"]
[Date "2025.05.17"]
[Round "3.2"]
[White "Tanaka, Tyler"]
[Black "Migot, Tangi"]
[Result "1-0"]
[WhiteElo "2282"]
[BlackElo "2425"]
[WhiteFideId "-1"]
[WhiteFideId "-1"]
[PlyCount "91"]
[GameId "2180113068266936"]
[EventDate "2025.05.16"]
[EventType "swiss"]
[EventRounds "5"]
[EventCountry "CAN"]
[TimeControl "90+30"]

1. Nf3 {[%emt 0:00:00]} d5 {[%emt 0:00:00]} 2. g3 {[%emt 0:00:00]} Nd7 {[%emt 0:00:00]} 3. d4 {[%emt 0:00:00]} Ngf6 {[%emt 0:00:00]} 4. Bg2 {[%emt 0:00:00]} e6 {[%emt 0:00:00]} 5. O-O {[%emt 0:00:00]} Be7 {[%emt 0:00:00]} 6. c4 {[%emt 0:00:00]} O-O {[%emt 0:00:00]} 7. Nc3 {[%emt 0:00:00]} dxc4 {[%emt 0:00:00]} 8. e4 {[%emt 0:00:00]} Rb8 {[%emt 0:00:00]} 9. a4 {[%emt 0:00:00]} a6 {[%emt 0:00:00]} 10. a5 {[%emt 0:00:00]} b5 {[%emt 0:00:00]} 11. axb6 {[%emt 0:00:00]} Nxb6 {[%emt 0:00:00]} 12. Qe2 {[%emt 0:00:00]} Bb7 {[%emt 0:00:00]} 13. Rd1 {[%emt 0:00:00]} Bb4 {[%emt 0:00:00]} 14. Ne5 {[%emt 0:00:00]} a5 {[%emt 0:00:00]} 15. Bg5 {[%emt 0:00:00]} h6 {[%emt 0:00:00]} 16. Bxf6 {[%emt 0:00:00]} Qxf6 {[%emt 0:00:00]} 17. Na4 {[%emt 0:00:00]} Rfd8 {[%emt 0:00:00]} 18. Nxb6 {[%emt 0:00:00]} cxb6 {[%emt 0:00:00]} 19. Qxc4 {[%emt 0:00:00]} Bd6 {[%emt 0:00:00]} 20. Nc6 {[%emt 0:00:00]} Bxc6 {[%emt 0:00:00]} 21. Qxc6 {[%emt 0:00:00]} e5 {[%emt 0:00:00]} 22. d5 {[%emt 0:00:00]} Rdc8 {[%emt 0:00:00]} 23. Qa4 {[%emt 0:00:00]} Bc5 {[%emt 0:02:18]} 24. Rd2 {[%emt 0:00:00]} Bb4 {[%emt 0:01:16]} 25. Rc2 {[%emt 0:00:58]} b5 {[%emt 0:00:13]} 26. Qb3 {[%emt 0:00:44]} Qb6 {[%emt 0:00:37]} 27. Bh3 {[%emt 0:01:07]} Rxc2 {[%emt 0:03:28]} 28. Qxc2 {[%emt 0:00:01]} Bc5 {[%emt 0:00:14]} 29. Rc1 {[%emt 0:03:45]} Bd4 {[%emt 0:00:53]} 30. Bd7 {[%emt 0:01:46]} Rd8 {[%emt 0:02:17]} 31. Bc6 {[%emt 0:00:36]} a4 {[%emt 0:01:17]} 32. Kg2 {[%emt 0:00:14]} Qa5 {[%emt 0:00:40]} 33. Rd1 {[%emt 0:06:39]} Qb4 {[%emt 0:00:40]} 34. Rd2 {[%emt 0:00:01]} g6 {[%emt 0:01:40]} 35. Re2 {[%emt 0:00:45]} Kg7 {[%emt 0:00:50]} 36. Qd2 {[%emt 0:00:29]} Qc4 {[%emt 0:02:08]} 37. Qc2 {[%emt 0:00:22]} Qb4 {[%emt 0:00:37]} 38. Qd2 {[%emt 0:00:01]} Qc5 {[%emt 0:00:51]} 39. Qc2 {[%emt 0:00:23]} Qb6 {[%emt 0:00:39]} 40. Qd3 {[%emt 0:01:44]} Rb8 {[%emt 0:00:25]} 41. Rc2 {[%emt 0:00:06]} Qa5 {[%emt 0:00:45]} 42. d6 {[%emt 0:00:31]} b4 {[%emt 0:00:19]} 43. Bd5 {[%emt 0:00:31]} Qb6 {[%emt 0:00:45]} 44. Qf3 {[%emt 0:01:51]} Rf8 {[%emt 0:00:36]} 45. Rc7 {[%emt 0:00:02]} Qxd6 {[%emt 0:00:31]} 46. Rxf7+ {[%emt 0:00:02]} 1-0

[Event "Germain Laplante op"]
[Site "Chambly CAN"]
[Date "2025.05.18"]
[Round "4"]
[White "Duong, Thanh Nha"]
[Black "Masse, Hugues"]
[Result "1/2-1/2"]
[WhiteElo "2330"]
[BlackElo "2211"]
[WhiteFideId "-1"]
[WhiteFideId "-1"]
[PlyCount "119"]
[GameId "2180113068324283"]
[EventDate "2025.05.16"]
[EventType "swiss"]
[EventRounds "5"]
[EventCountry "CAN"]
[TimeControl "90+30"]

1. Nf3 Nf6 2. b3 c5 3. Bb2 Nc6 4. e3 g6 5. d4 cxd4 6. exd4 d5 7. Bd3 Bg7 8. a3 O-O 9. O-O Bf5 10. Bxf5 gxf5 11. Nbd2 e6 12. Qe2 Kh8 13. Rfd1 Ne4 14. Ne5 Qc7 15. Nxc6 Qxc6 16. c4 Rac8 17. Nxe4 fxe4 18. Rac1 f5 19. cxd5 Qxd5 20. Rc5 Qxb3 21. Rb5 Qc2 22. Qxc2 Rxc2 23. Rxb7 Rfc8 24. g3 R2c7 25. Rb4 Rd7 26. Bc1 Rxd4 27. Rdxd4 Bxd4 28. Rxd4 Rxc1+ 29. Kg2 Rc7 30. Rd6 Re7 31. g4 Kg7 32. Kg3 Kf6 33. Kf4 fxg4 34. Ra6 Rb7 35. Kxe4 h5 36. Ra5 Kg6 37. f3 gxf3 38. Kxf3 Kf6 39. Kf4 Rb3 40. Rxa7 Rh3 41. a4 Rxh2 42. a5 Rh4+ 43. Kf3 Rh3+ 44. Kf4 Rh4+ 45. Kf3 Ra4 46. a6 Ke5 47. Rh7 Ra3+ 48. Ke2 Ke4 49. Rxh5 Ra2+ 50. Ke1 Rxa6 51. Rh4+ Ke3 52. Rh3+ Kf4 53. Rh4+ Kg3 54. Rb4 e5 55. Ke2 Ra3 56. Re4 Ra5 57. Ke3 Ra1 58. Rxe5 Re1+ 59. Kd4 Rxe5 60. Kxe5 1/2-1/2

[Event "Germain Laplante op"]
[Site "Chambly CAN"]
[Date "2025.05.18"]
[Round "4.1"]
[White "Tanaka, Tyler"]
[Black "Rodrigue-Lemieux, Shawn"]
[Result "0-1"]
[WhiteElo "2282"]
[BlackElo "2575"]
[WhiteFideId "-1"]
[WhiteFideId "-1"]
[PlyCount "88"]
[GameId "2180113068348863"]
[EventDate "2025.05.16"]
[EventType "swiss"]
[EventRounds "5"]
[EventCountry "CAN"]
[TimeControl "90+30"]

1. e4 {[%emt 0:00:00]} c6 {[%emt 0:00:00]} 2. d4 {[%emt 0:00:00]} d5 {[%emt 0:00:00]} 3. e5 {[%emt 0:00:00]} c5 {[%emt 0:00:00]} 4. c3 {[%emt 0:00:00]} Nc6 {[%emt 0:00:00]} 5. Be2 {[%emt 0:00:00]} cxd4 {[%emt 0:00:00]} 6. cxd4 {[%emt 0:00:00]} Bf5 {[%emt 0:00:00]} 7. Nf3 {[%emt 0:00:00]} e6 {[%emt 0:00:00]} 8. O-O {[%emt 0:00:00]} Nge7 {[%emt 0:00:00]} 9. Nc3 {[%emt 0:00:00]} Bg4 {[%emt 0:00:00]} 10. Nh4 {[%emt 0:00:00]} Bxe2 {[%emt 0:00:00]} 11. Nxe2 {[%emt 0:00:00]} Ng6 {[%emt 0:00:00]} 12. Nf3 {[%emt 0:00:00]} Be7 {[%emt 0:00:00]} 13. g3 {[%emt 0:00:00]} O-O {[%emt 0:00:00]} 14. Kg2 {[%emt 0:00:00]} f6 {[%emt 0:00:00]} 15. exf6 {[%emt 0:00:00]} Bxf6 {[%emt 0:00:00]} 16. Be3 {[%emt 0:00:00]} e5 {[%emt 0:00:00]} 17. dxe5 {[%emt 0:00:00]} Ngxe5 {[%emt 0:00:00]} 18. Nxe5 {[%emt 0:00:00]} Bxe5 {[%emt 0:00:00]} 19. Qb3 {[%emt 0:00:00]} Na5 {[%emt 0:00:00]} 20. Qb5 {[%emt 0:00:00]} a6 {[%emt 0:00:00]} 21. Qb6 {[%emt 0:00:00]} Nc4 {[%emt 0:00:00]} 22. Qe6+ {[%emt 0:00:00]} Kh8 {[%emt 0:00:00]} 23. Bd4 {[%emt 0:00:00]} Re8 {[%emt 0:00:00]} 24. Qf5 {[%emt 0:00:00]} Bxd4 {[%emt 0:00:00]} 25. Nxd4 {[%emt 0:00:00]} Qb6 {[%emt 0:00:00]} 26. Rfd1 {[%emt 0:05:13]} Qxb2 {[%emt 0:00:00]} 27. Kg1 {[%emt 0:00:07]} b5 {[%emt 0:06:55]} 28. Qc2 {[%emt 0:03:11]} Qxc2 {[%emt 0:03:12]} 29. Nxc2 {[%emt 0:00:03]} Rad8 {[%emt 0:00:13]} 30. Nd4 {[%emt 0:04:25]} Kg8 {[%emt 0:00:31]} 31. Rd3 {[%emt 0:00:48]} g6 {[%emt 0:01:00]} 32. Kg2 {[%emt 0:00:45]} Rd6 {[%emt 0:00:15]} 33. h4 {[%emt 0:00:18]} Re4 {[%emt 0:00:29]} 34. Rh1 {[%emt 0:01:19]} b4 {[%emt 0:01:55]} 35. Rc1 {[%emt 0:00:33]} Rf6 {[%emt 0:01:02]} 36. Rc2 {[%emt 0:00:33]} Rd6 {[%emt 0:02:18]} 37. Nf3 {[%emt 0:01:29]} h6 {[%emt 0:01:03]} 38. Nd2 {[%emt 0:01:20]} Nxd2 {[%emt 0:01:06]} 39. Rcxd2 {[%emt 0:00:01]} Re5 {[%emt 0:00:26]} 40. Rd4 {[%emt 0:00:07]} a5 {[%emt 0:00:13]} 41. Kf3 {[%emt 0:01:44]} Kf7 {[%emt 0:00:09]} 42. R2d3 {[%emt 0:00:31]} Ke6 {[%emt 0:00:38]} 43. a3 {[%emt 0:00:06]} Re4 {[%emt 0:00:39]} 44. axb4 {[%emt 0:00:04]} Ke5 {[%emt 0:00:19]} 0-1